Follow That Line: Dwight Schrute Quiz Stats

Quiz Updated May 13, 2013

Challenge
Share
Tweet
Embed
Score 0/25 Timer 08:00
5 Plays Today
% Correct
They come when you least expect it.
92.6%
My cousin Mose, that's a master baiter.
91.8%
He's a potential drug mule.
91%
And if they would, I do not do that thing.
90.9%
Jack Bauer. But he is unavailable, fictional, and overqualified.
90.7%
When someone smiles at me, all I see is a chimpanzee begging for its life.
89.9%
I would've introduced you to mine.
89.1%
Can you imagine if I was deranged?
87.9%
Yeah! And then they make you drive them to church the next morning! Like gas ain't free!
87.7%
No, it was this packet of beans.
86.6%
Michael, I told you! It was because it was New Year's Eve and it started to snow at exactly midnight!
85%
But by the time I got to it, it had turned back into my neighbor's dog.
84.7%
That's why they call it murder not 'muckduck!'
83.8%
% Correct
Also, weak arms.
83.4%
But if Frodo hadn't destroyed the ring, then goodness itself might have died.
82.8%
Oh man! Am I a woman?
82.4%
Because I am manager of the Scranton Branch of Dunder Mifflin...acting manager.
81.6%
Correct, I need someone I can trust.
80.3%
And by the way, I haven’t.
79.8%
Ryan started the fire!
76.8%
Little of this, little of that.
75.9%
Is that the same philosophy you apply to buffalo wings?
75.5%
I have, and now I no longer own an arctic wolf.
71.7%
I'm stronger.
70.7%
Whoever drew this got it exactly right.
63.7%

You're not logged in!

Compare scores with friends on all Sporcle quizzes.
Sign Up with Email
OR
Log In

You Might Also Like...

Show Comments

Extras

Top Quizzes Today


Score Distribution

Your Account Isn't Verified!

In order to create a playlist on Sporcle, you need to verify the email address you used during registration. Go to your Sporcle Settings to finish the process.